000 00422nam a2200145Ia 4500
008 090124s9999 xx 000 0 und d
082 _b400450
245 _a पाचुची दीपमाळ
250 _a1
260 _bजहागिरदार विजया
_c1977
300 _a31
630 _a पाचुची दीपमाळ
730 _a पाचुची दीपमाळ
942 _cBOOK
999 _c196371
_d196371